Caribbean festival arts (Record no. 10373)

MARC details
000 -CABECERA
campo de control de longitud fija 01140nam a2200301 a 4500
001 - NÚMERO DE CONTROL
campo de control BRL_1564
005 - FECHA Y HORA DE LA ÚLTIMA TRANSACCIÓN
campo de control 20190320211250.0
008 - DATOS DE LONGITUD FIJA--INFORMACIÓN GENERAL
campo de control de longitud fija 110314s1988----u--ao#####---#000-0#eng-#
020 ## - NÚMERO INTERNACIONAL ESTÁNDAR DEL LIBRO
Número Internacional Estándar del Libro 0295967021
041 ## - CÓDIGO DE LENGUA
Código de lengua del texto/banda sonora o título independiente eng
044 ## - CÓDIGO DEL PAÍS DE LA ENTIDAD EDITORA/PRODUCTORA
Código MARC del país u
050 #4 - SIGNATURA TOPOGRÁFICA DE LA BIBLIOTECA DEL CONGRESO
Número de clasificación GT4823
Número de documento/Ítem .N85 1988
100 1# - ENTRADA PRINCIPAL--NOMBRE DE PERSONA
Nombre de persona Nunley, John W.
Fechas asociadas al nombre 1945-
Forma completa/desarrollada del nombre (John Wallace)
9 (RLIN) 27291
245 10 - MENCIÓN DE TÍTULO
Título Caribbean festival arts
Resto del título each and every bit of difference
Mención de responsabilidad, etc. John W. Nunley and Judith Bettelheim ; special consultant Rex Nettleford ; with contributions by Barbara Bridges...[et al.]
260 ## - PUBLICACIÓN, DISTRIBUCIÓN, ETC.
Lugar de publicación, distribución, etc. Washington
Nombre del editor, distribuidor, etc. University of Washington
Fecha de publicación, distribución, etc. 1988
300 ## - DESCRIPCIÓN FÍSICA
Extensión 218 p.
Otras características físicas il., fotografías (a color), mapas
Dimensiones 29 cm.
500 ## - NOTA GENERAL
Nota general Au1811
504 ## - NOTA DE BIBLIOGRAFÍA, ETC.
Nota de bibliografía, etc. Bibliografía: p. 214.
650 14 - PUNTO DE ACCESO ADICIONAL DE MATERIA--TÉRMINO DE MATERIA
Término de materia o nombre geográfico como elemento de entrada Festivales
Subdivisión de forma Exposiciones
Subdivisión geográfica Caribe (Región)
9 (RLIN) 27292
650 14 - PUNTO DE ACCESO ADICIONAL DE MATERIA--TÉRMINO DE MATERIA
Término de materia o nombre geográfico como elemento de entrada Antillas
Subdivisión de forma Exposiciones
Subdivisión general Vida social y costumbres
9 (RLIN) 27293
650 14 - PUNTO DE ACCESO ADICIONAL DE MATERIA--TÉRMINO DE MATERIA
Término de materia o nombre geográfico como elemento de entrada Prendas de vestir
Subdivisión de forma Exposiciones
Subdivisión geográfica Caribe (Región)
9 (RLIN) 27294
700 1# - PUNTO DE ACCESO ADICIONAL--NOMBRE DE PERSONA
Nombre de persona Bettelheim, Judith
Fechas asociadas al nombre 1944-
Término indicativo de función/relación coaut.
9 (RLIN) 27295
700 1# - PUNTO DE ACCESO ADICIONAL--NOMBRE DE PERSONA
Nombre de persona Nettleford, Rex
9 (RLIN) 27296
700 1# - PUNTO DE ACCESO ADICIONAL--NOMBRE DE PERSONA
Nombre de persona Bridges, Barbara
9 (RLIN) 27297
710 2# - PUNTO DE ACCESO ADICIONAL--NOMBRE DE ENTIDAD CORPORATIVA
Nombre de entidad corporativa o nombre de jurisdicción como elemento de entrada St. Louis Art Museum
9 (RLIN) 27298
902 ## - CATALOGADOR
Iniciales GRL
942 ## - ELEMENTOS DE PUNTO DE ACCESO ADICIONAL (KOHA)
Fuente del sistema de clasificación o colocación Library of Congress Classification
Tipo de ítem Koha Libros
Holdings
Estado de retiro Estado de pérdida Estado dañado No para préstamo Localización permanente Ubicación/localización actual Fecha de adquisición Número de inventario Total de préstamos Signatura topográfica completa Código de barras Fecha visto por última vez Precio válido a partir de Tipo de ítem Koha
El ejemplar forma parte de la colección y puede ser consultado según las políticas vigentes.       Biblioteca Centro de Estudios Ruth D. Lechuga Biblioteca Centro de Estudios Ruth D. Lechuga 11/03/2014 Au1811   GT4823 .N85 1988 (Au1811) GRL01723 22/03/2019 22/03/2019 Libros